| 000 | 00000nas##2200000za#4500 |
| 001 | 9.514651 |
| 003 | CaOODSP |
| 005 | 20210929082751 |
| 007 | ta |
| 008 | 150406c1997||||xxc|| m #||||f| |0eng|d |
| 040 | |aCaOODSP|beng |
| 043 | |an-cn--- |
| 086 | 1 |aFo29-51E |
| 110 | 1 |aCanada. |bNatural Resources Canada. |bCanadian Forest Service. |
| 245 | 10|aInformation report : |bGLC-X series / |cIssued by the Great Lakes Forestry Centre. |
| 260 | |bNatural Resources Canada. |
| 500 | |aCanadian cataloguing in publication data printed in these publications. |
| 546 | |aRésumés en français |
| 563 | |aSoftcover |
| 785 | 00|tInformation report. GLC-X series / |w(CaOODSP)9.515321 |